000 00641nam a2200181Ia 4500
008 100920s9999 xx 000 0 und d
082 _b74302
_a891.464 थ 99
100 _aमाटे श्रीपाद महादेव.
245 _aमाणुसकीचा गहिवर.
260 _bकाँन्टिनेन्टल प्रकाशन, पुणे.
_c1999
300 _a149
_bसाधी
365 _b40
520 _aनिबंध.
630 _aमाणुसकीचा गहिवर.
650 _aनिबंध.
730 _aमाणुसकीचा गहिवर.
942 _cBOOK
999 _c715904
_d715901